Learning Resource and Development

Be my guest : (Record no. 3304)

MARC details
000 -LEADER
fixed length control field 00760nam a22002177a 4500
005 - DATE AND TIME OF LATEST TRANSACTION
control field 20230512221837.0
008 - FIXED-LENGTH DATA ELEMENTS--GENERAL INFORMATION
fixed length control field 180411t xxu||||| |||| 00| 0 eng d
020 ## - INTERNATIONAL STANDARD BOOK NUMBER
International Standard Book Number 9780521132329
040 ## - CATALOGING SOURCE
Transcribing agency CSPC
082 0# - DEWEY DECIMAL CLASSIFICATION NUMBER
Classification number 428.4202491
Item number Oh15b
100 ## - MAIN ENTRY--PERSONAL NAME
Personal name O'hara, Francis
Relator term author.
245 00 - TITLE STATEMENT
Title Be my guest :
Remainder of title english for the hotel industry, Student book/
Statement of responsibility, etc. Francis O'Hara
260 ## - PUBLICATION, DISTRIBUTION, ETC.
Place of publication, distribution, etc. Singapore :
Name of publisher, distributor, etc. Cambridge University Press,
Date of publication, distribution, etc. 2009.
300 ## - PHYSICAL DESCRIPTION
Extent 112 pages :
Other physical details illustrations, figures;
Dimensions 28 cm.
650 10 - SUBJECT ADDED ENTRY--TOPICAL TERM
Topical term or geographic name entry element English language.
650 10 - SUBJECT ADDED ENTRY--TOPICAL TERM
Topical term or geographic name entry element English language
General subdivision Spoken English.
940 ## - EQUIVALENCE OR CROSS-REFERENCE--UNIFORM TITLE [OBSOLETE] [CAN/MARC only]
Uniform title <a href="Lenie">Lenie</a>
942 ## - ADDED ENTRY ELEMENTS (KOHA)
Koha item type
-- CIR 428.2402491 Oh15b 2009
Holdings
Withdrawn status Lost status Damaged status Not for loan Home library Current library Shelving location Date acquired Total Checkouts Full call number Barcode Date last seen Copy number Price effective from Koha item type
        Main Library Main Library Circulation Section 05/12/2023   CIR 428.2402491 Oh15b 2009 011503 05/12/2023 1-5 05/12/2023 Books
        Main Library Main Library Circulation Section 05/12/2023   CIR 428.2402491 Oh15b 2009 011504 05/12/2023 2-5 05/12/2023 Books
        Main Library Main Library Circulation Section 05/12/2023   CIR 428.2402491 Oh15b 2009 011505 05/12/2023 3-5 05/12/2023 Books
        Main Library Main Library Circulation Section 05/12/2023   CIR 428.2402491 Oh15b 2009 011506 05/12/2023 4-5 05/12/2023 Books
        Main Library Main Library Circulation Section 05/12/2023   CIR 428.2402491 Oh15b 2009 011507 05/12/2023 5-5 05/12/2023 Books